| 000 | 00874nam a2200217Ia 4500 | ||
|---|---|---|---|
| 999 |
_c49237 _d49237 |
||
| 001 | 16149 | ||
| 003 | GE_BSU | ||
| 005 | 20240527163445.0 | ||
| 008 | 181216s2015||||ge |||||||||||||| ||geo|| | ||
| 020 | _a9789941434907 | ||
| 040 | _cGE_BSU | ||
| 041 | _ageo | ||
| 080 | _a611.91 ზ-86 | ||
| 100 |
_aზოსიძე, ნ. _9141 |
||
| 245 |
_aთავისა და კისრის მიდამოების კლინიკური ანატომია / _c ნ. ზოსიძე, ზ. ჩომახაშვილი. |
||
| 264 |
_aბათუმი : _bბათუმის შოთა რუსთაველის სახ.უნ-ტი, _c2015. |
||
| 300 |
_a222 გვ.; _b26 სმ. |
||
| 653 | _aმედიცინა | ||
| 700 |
_aჩომახაშვილი, ზურაბ _eავტორი _96881 |
||
| 942 |
_cBK _2udc |
||